|
|
|
|
| LEADER |
00000nam0a2200000 4500 |
| 001 |
38254 |
| 005 |
20251030163223.0 |
| 010 |
|
|
|a 5783603856
|
| 035 |
|
|
|a (RuTPU)RU\TPU\book\38938
|
| 090 |
|
|
|a 38254
|
| 100 |
|
|
|a 20020227d2002 k y0rusy50 ca
|
| 101 |
0 |
|
|a rus
|
| 102 |
|
|
|a RU
|
| 105 |
|
|
|a a z 001zy
|
| 200 |
1 |
|
|a Древняя Русь и Великая степь
|f Л. Н. Гумилев
|
| 210 |
|
|
|a Москва
|c Айрис-Пресс
|c Рольф
|d 2002
|
| 215 |
|
|
|a 765 с.
|c ил.
|
| 320 |
|
|
|a Библиогр.: с. 745-757.
|
| 320 |
|
|
|a Им. указ.: с. 721-733.
|
| 320 |
|
|
|a Указ. геогр. назв.: с. 734-744.
|
| 600 |
|
0 |
|a Тохтамыш (Тахтамыш, Токтамыш, Тотамих)
|c хан Золотой Орды
|c потомок хана Джучи, старшего сына Чингисхана
|f ?-1406
|9 20610
|
| 606 |
|
|
|a Древняя Русь
|x История
|9 81697
|
| 610 |
1 |
|
|a Россия
|
| 610 |
1 |
|
|a Великая степь
|
| 610 |
1 |
|
|a этнография
|
| 610 |
1 |
|
|a этническая история
|
| 610 |
1 |
|
|a этносфера
|
| 610 |
1 |
|
|a ноосфера
|
| 610 |
1 |
|
|a монголы
|
| 610 |
1 |
|
|a татары
|
| 610 |
1 |
|
|a орда
|
| 686 |
|
|
|a Т3(2)41
|2 rubbk
|
| 700 |
|
1 |
|a Гумилев
|b Л. Н.
|c российский историк
|c географ
|f 1912-1992
|g Лев Николаевич
|3 (RuTPU)RU\TPU\pers\1051
|9 470
|
| 801 |
|
1 |
|a RU
|b 63413507
|c 20020227
|g PSBO
|
| 801 |
|
2 |
|a RU
|b 63413507
|c 20041206
|g PSBO
|
| 942 |
|
|
|c BK
|